Három gyűlést tartottak szerdán este a szociáldemokraták
Elmentve itt :
| Dokumentumtípus: | Cikk |
|---|---|
| Megjelent: |
1931-06-19
|
| Sorozat: | Délmagyarország
7 No. 136 |
| Kulcsszavak: | Szociáldemokrata párt Szeged 1931 |
| Online Access: | http://dmarchiv.bibl.u-szeged.hu/59896 |
| LEADER | 00452nab a2200145 i 4500 | ||
|---|---|---|---|
| 001 | delm59896 | ||
| 005 | 20180927144559.0 | ||
| 008 | 180927s1931 hu o 0|| hun d | ||
| 040 | |a SZTE Délmagyarország Archívum |b hun | ||
| 041 | |a hun | ||
| 245 | 0 | 0 | |a Három gyűlést tartottak szerdán este a szociáldemokraták |h [elektronikus dokumentum] |
| 260 | |c 1931-06-19 | ||
| 300 | |a 2 | ||
| 490 | 0 | |a Délmagyarország |v 7 No. 136 | |
| 695 | |a Szociáldemokrata párt Szeged 1931 | ||